| Tag |
First Indicator |
Second Indicator |
Subfields |
| LEADER |
00000cam a22000001 4500 |
| 001 |
in00000037302 |
| 005 |
20151007072315.0 |
| 008 |
730213s1954 mnu 00000 eng |
| 010 |
|
|
|a 54011774
|
| 035 |
|
|
|a (OCoLC)00374235
|
| 035 |
|
|
|9 AAE7634AM
|
| 040 |
|
|
|a DLC
|c DLC
|d TXA
|d UtOrBLW
|
| 049 |
|
|
|a TXAM
|c [255079]
|
| 050 |
0 |
0 |
|a RC467
|b .M4
|
| 082 |
0 |
|
|a 616.8
|
| 092 |
|
|
|a 616.8
|b M494c
|
| 100 |
1 |
|
|a Meehl, Paul E.
|q (Paul Everett),
|d 1920-2003.
|
| 245 |
1 |
0 |
|a Clinical versus statistical prediction ;
|b a theoretical analysis and a review of the evidence.
|
| 264 |
|
1 |
|a Minneapolis :
|b University of Minnesota Press,
|c [1954]
|
| 300 |
|
|
|a 149 pages ;
|c 23 cm.
|
| 336 |
|
|
|a text
|b txt
|2 rdacontent
|
| 337 |
|
|
|a unmediated
|b n
|2 rdamedia
|
| 338 |
|
|
|a volume
|b nc
|2 rdacarrier
|
| 650 |
|
0 |
|a Clinical psychology.
|
| 999 |
|
|
|a MARS
|
| 999 |
f |
f |
|s e080a6c2-e35b-31e4-8ceb-75d73797f7f3
|i 7adad435-69f7-3adf-a820-7ff442d66b2b
|t 0
|
| 952 |
f |
f |
|p ric
|a Texas A&M University
|b Rellis Campus
|c Joint Library Facility
|d Remote Storage
|t 0
|e RC467 .M4
|h Library of Congress classification
|i unmediated -- volume
|m A14801031077
|
| 998 |
f |
f |
|a RC467 .M4
|t 0
|l Remote Storage
|